LEADER 01121nam--2200373---450- 001 990001150330203316 005 20100823114532.0 010 $a978-88-06-20120-3 035 $a000115033 035 $aUSA01000115033 035 $a(ALEPH)000115033USA01 035 $a000115033 100 $a20030603d2010----km-y0itay50------ba 101 0 $aita 102 $aIT 105 $ay|||||||001yy 200 1 $aVita di Alberto Pirelli (1882-1971)$ela politica attraverso l'economia$fNicola Tranfaglia 210 $aTorino$cEinaudi$d2010 215 $aXV, 340 p.$d23 cm 225 2 $aEinaudi storia$v32 410 0$12001$aEinaudi storia 600 1$aPirelli,$bAlberto 676 $a338.76783092 700 1$aTRANFAGLIA,$bNicola$0128172 801 0$aIT$bsalbc$gISBD 912 $a990001150330203316 951 $a338.767 TRA 1$b224172 L.M.$c338.767$d00263064 959 $aBK 969 $aECO 979 $aMARIA$b10$c20030603$lUSA01$h0954 979 $aPATRY$b90$c20040406$lUSA01$h1720 979 $aANNAMARIA$b90$c20100823$lUSA01$h1145 996 $aVita di Alberto Pirelli (1882-1971)$9246103 997 $aUNISA LEADER 02330nam 2200613 a 450 001 9910451329803321 005 20170815114651.0 010 $a1-281-24500-3 010 $a9786611245009 010 $a1-84787-951-9 010 $a1-84860-539-0 035 $a(CKB)1000000000407273 035 $a(EBL)334362 035 $a(OCoLC)476141511 035 $a(SSID)ssj0000137710 035 $a(PQKBManifestationID)11129816 035 $a(PQKBTitleCode)TC0000137710 035 $a(PQKBWorkID)10088606 035 $a(PQKB)11278013 035 $a(MiAaPQ)EBC334362 035 $a(EXLCZ)991000000000407273 100 $a20130514d2006 uy 0 101 0 $aeng 135 $aur|n|---||||| 181 $ctxt 182 $cc 183 $acr 200 10$aDeveloping consideration, respect and tolerance$b[electronic resource] $epromoting children's resilience and wellbeing /$fKaren Brunskill ; [illustrations, Leanne Winfield ... [et al.]] 210 $aLondon $cPCP$d2006 215 $a1 online resource (269 p.) 225 1 $aLucky Duck Books 300 $a"A Lucky Duck book." 300 $aOriginally published in Australia as Values for life upper level primary series one 2002. 311 $a1-4129-1963-0 320 $aIncludes bibliographical references. 327 $aCover; Contents; Foreword; Introduction; Teacher's Note; Guidelines for Value, Sroty and Resilience Links; How To Use This Book; The Programme; Consideration; Friendliness; Honesty; Kindness; Responsibility; Tolerance; Bibliography; Worksheets 330 $aThis resource helps students aged 5 to 12 in cultivating their talents, proactive problem-solving, positive social orientation, and establishing a sense of belonging. 410 0$aLucky Duck Books 606 $aSocial skills$xStudy and teaching 606 $aLife skills$xStudy and teaching 608 $aElectronic books. 615 0$aSocial skills$xStudy and teaching. 615 0$aLife skills$xStudy and teaching. 676 $a370.115 676 $a370.153 700 $aBrunskill$b Karen$0851039 701 $aWinfield$b Leanne$0854199 801 0$bMiAaPQ 801 1$bMiAaPQ 801 2$bMiAaPQ 906 $aBOOK 912 $a9910451329803321 996 $aDeveloping consideration, respect and tolerance$91907349 997 $aUNINA LEADER 02963nam 22005773 450 001 9910557875403321 005 20230321221212.0 035 $a(CKB)5400000000048082 035 $a(MiAaPQ)EBC29347453 035 $a(Au-PeEL)EBL29347453 035 $a(oapen)https://directory.doabooks.org/handle/20.500.12854/80570 035 $a(EXLCZ)995400000000048082 100 $a20220714d2022 uy 0 101 0 $aspa 135 $aurcnu|||||||| 181 $ctxt$2rdacontent 182 $cc$2rdamedia 183 $acr$2rdacarrier 200 13$aLa Universidad de Gerona (1561-1717) 205 $a1st ed. 210 $aMadrid$cUniversidad Carlos III de Madrid. Figuerola Institute of Social Science History$d2022 210 1$aMadrid :$cDykinson, S.L.,$d2022. 210 4$d©2022. 215 $a1 online resource (324 pages) 225 1 $aHistoria de las Universidades$v60 311 $a84-11-22187-3 330 $aThis book aims to study the History of the University of Girona from 1561, when the first stone was laid, until 1717, the year in which it was transferred to Cervera. After a preliminary contextualization study, a factitious Chronicle is presented, which collects almost all the news of the University Life that were found in the Municipal Documents of the City of Girona, and that were not found in the book that J.B. Torroella dedicated to the University. The book concludes with two appendices: one studies the evolution of rent payments after the transfer of the University to Cervera and the other is a table of the University Professors. 330 $aEste libro pretende estudiar la historia de la Universidad de Gerona desde 1561, cuando se puso la primera piedra, hasta 1717, año en el que fue transferida a Cervera. Tras un estudio preliminar de contextualización, se da paso a una crónica facticia, que recoge casi todas las noticias de la vida universitaria que se encontraban en los Actes del ple y los Manuals d?acords de la Ciudad de Gerona, y que no se hallaban en el libro que J. B. Torroella dedicó a la Universidad. El libro concluye con sendos apéndices: uno estudia la evolución del pago de las rentas tras la transferencia de la Universidad a Cervera y el otro es una tabla de los profesores de la Universidad. 606 $aUniversities$2bicssc 606 $ac 1500 to c 1600$2bicssc 610 $aGerona 610 $aUniversidad 610 $aMunicipio 610 $aSiglo XVII 610 $aCátedras 610 $aGirona 610 $aUniversity 610 $aMunicipality 610 $aSeventeenth century 610 $aChairs 615 7$aUniversities 615 7$ac 1500 to c 1600 700 $aRamis Barceló$b Rafael$0847286 701 $aRamis Serra$b Pedro$0847287 801 0$bMiAaPQ 801 1$bMiAaPQ 801 2$bMiAaPQ 906 $aBOOK 912 $a9910557875403321 996 $aLa Universidad de Gerona (1561-1717)$92897470 997 $aUNINA